01279nam a2200133 450000500170000000800410001702200130005804000070007104100080007824500450008626000390013152009460017065000290111620230113103823.0230113b ||||| |||| 00| 0 eng d a22493174 cAL aeng aInternational Journal of Applied Physics aDelhibResearch India Publications aThe International Journal of Applied Physics (IJAP) is a peer reviewed international journal of high quality devoted to the publication of original research papers from pure and applied Physics and their broad range of applications. IJAP publishes quality original research papers, comprehensive review articles, survey articles, book reviews, dissertation abstracts in pure Physics and its applications in the broadest sense. It is intended that the journal may act as an interdisciplinary forum for Physics and its applications. Innovative applications and material that brings together diverse areas of Physics are particularly welcome. Review articles in selected areas are published from time to time. It aims to disseminate knowledge; provide a learned reference in the field; and establish channels of communication between academic and research experts, policy makers and executives in industry, commerce and investment institutions. 2PhysicsaApplied Physics